000 01323nam0a22003011 4500
001 rc\2332207
005 20110829145727.9
035 _a(NLR Aleph) 006583345
090 _a7068923
_c7068923
100 _a20110829d1977 |||y0rusy50 ca
101 0 _arus
102 _aRU
105 _ay z |||||
200 1 _aПотребление и очистка сточных вод в металлургической промышленности
_fУкрНИИ науч.-техн. информации и техн.-экон. исследований Госплана УССР. УкрНИИНТИ
210 _aКиев
_cБ. и.
_d[1977]
215 _a14 с.
_d21
225 1 _aИнформация
_iНовое в науке, технике и производстве
300 _aВ вып. дан.: Конашко, Н.П., к. э. н.
309 _aБез тит. л. и обл.
320 _aБиблиогр.: с. 14
702 1 _aКонашко
_bН. П.
_gНадежда Петровна
_4220
712 0 2 _aУкраинский НИИ науч.-техн. информации и техн.-экон. исследований
_cКиев
_3RU\NLR\AUTH\8810023920
801 0 _aRU
_bNLR
_gpsbo
801 1 _aRU
_bELAR
_2rusmarc
852 _aNLR
_j77-4/27609
899 _aRuMoRGB
_jМ 77-12/1231
942 _cBOOK
980 _aNB